|
|
|
|
| LEADER |
00000nas a2200000 a 4500 |
| 001 |
ssj0011774 |
| 003 |
WaSeSS |
| 005 |
20200512172242.0 |
| 006 |
m d |
| 007 |
cr n |
| 008 |
041228c19549999mauqr p s 0 a0eng |
| 010 |
|
|
|a 2004221965
|
| 022 |
|
|
|a 2169-6861
|y 0017-3894
|
| 035 |
|
|
|a (WaSeSS)ssj0011774
|
| 040 |
|
|
|a ATL
|b eng
|c ATL
|d OCL
|d DLC
|d OCLCQ
|d OCLCF
|d CUS
|d OCLCQ
|d AU@
|d VT2
|d WaSeSS
|
| 042 |
|
|
|a pcc
|a nsdp
|
| 050 |
|
4 |
|a BX200
|
| 082 |
1 |
0 |
|a 230/.19
|2 14
|
| 130 |
0 |
|
|a Greek Orthodox theological review (Online)
|
| 210 |
0 |
|
|a Greek Orthodox theol. rev.
|b (Online)
|
| 222 |
|
4 |
|a The Greek Orthodox theological review
|b (Online)
|
| 245 |
1 |
4 |
|a The Greek Orthodox theological review
|h [electronic resource].
|
| 246 |
1 |
|
|i Issues for <2001-> also have title:
|a GOTR
|
| 260 |
|
|
|a Brookline, Mass. :
|b Greek Orthodox Theological Institute Press,
|c 1954-
|
| 310 |
|
|
|a Quarterly,
|b 1976-
|
| 321 |
|
|
|a Quarterly,
|b 1954/55
|
| 321 |
|
|
|a Semiannual,
|b 1956-1975
|
| 362 |
0 |
|
|a Vol. 1, no. 1 (Aug. 1954)-
|
| 500 |
|
|
|a Title from t.p. (ATLASerials, viewed Dec. 9, 2004).
|
| 500 |
|
|
|a Published by: Holy Cross Greek Orthodox Theological School Press, 1956-<summer 1960>
|
| 506 |
|
|
|a License restrictions may limit access.
|
| 515 |
|
|
|a Vol. 1 had only 2 issues.
|
| 515 |
|
|
|a Many no. issued in combined form.
|
| 538 |
|
|
|a Mode of access: World Wide Web.
|
| 550 |
|
|
|a Vols. for 1958-winter 1966/67 issued by the Greek Archdiocese Holy Cross Orthodox Theological School (called winter 1960/61-summer 1964 Holy Cross Theological School); spring 1968-fall/winter 1995 by Holy Cross School of Theology, Hellenic College; spring 1996- by Holy Cross Greek Orthodox School of Theology.
|
| 555 |
|
|
|a Vols. 6-10, 1960-winter 1964/65, in v. 10, no. 2.
|
| 588 |
|
|
|a Latest issue consulted: Vol. 45, no. 1-4 (2000) (ATLASerials, viewed Dec. 9, 2004).
|
| 610 |
2 |
0 |
|a Orthodox Eastern Church
|v Periodicals.
|
| 610 |
2 |
7 |
|a Orthodox Eastern Church.
|2 fast
|0 (OCoLC)fst00510210
|
| 610 |
2 |
6 |
|a ©ØEglise orthodoxe
|v P©Øeriodiques.
|
| 650 |
|
0 |
|a Theology
|v Periodicals.
|
| 650 |
|
7 |
|a Theology.
|2 fast
|0 (OCoLC)fst01149559
|
| 655 |
|
0 |
|a Electronic journals.
|
| 710 |
2 |
|
|a Holy Cross Greek Orthodox School of Theology.
|
| 710 |
2 |
|
|a Holy Cross Theological School (Brookline, Mass.)
|
| 776 |
0 |
8 |
|i Print version:
|t Greek Orthodox theological review
|x 0017-3894
|w (DLC) 67000226
|w (OCoLC)1751574
|
| 856 |
4 |
0 |
|z Full text available from Research Library: 04/01/1997 to 04/30/2006
|u https://search.proquest.com/publication/24942
|